| 000 | 00645nam a2200217Ia 4500 | ||
|---|---|---|---|
| 999 |
_c35039 _d35039 |
||
| 001 | 878 | ||
| 003 | GE_BSU | ||
| 005 | 20220920110900.0 | ||
| 008 | 181216s2001||||ge |||||||||||||| ||geo|| | ||
| 020 | _a531800363Х | ||
| 040 | _cGE_BSU | ||
| 041 | _ageo | ||
| 080 | _a681.3.068(075.8) Д-93 | ||
| 100 |
_aДьяконов, В. _914633 |
||
| 245 |
_aMATLAB 6 : _bУчебный курс / _cВ. П. Дьяконов. |
||
| 264 |
_aСПБ : _bПитер, _c2001. |
||
| 300 | _a592 стр. | ||
| 653 | _aინფორმატიკა | ||
| 653 | _aსაინფორმაციო ტექნოლოგიები | ||
| 942 |
_cBK _2udc |
||